000 00270nam a2200121Ia 4500
008 140130s9999 xx 000 0 und d
245 _cFleming, Denise
_aLunch (fleming)
260 _bScholastic,
_c1992
440 _v1
521 _aBR
942 _cBK
999 _c41520
_d41520